|
|
|
|
| LEADER |
00000nab a2200000 a 4500 |
| 001 |
vtls000721898 |
| 003 |
SK-MaSNL |
| 005 |
20260304121811.0 |
| 008 |
250429c1999 xo 0 slo |
| 015 |
|
|
|a SNBRB2000/05-13865
|
| 035 |
|
|
|a CLN000074065
|
| 035 |
|
|
|a urn:nbn:sk:snk-abbtdx
|
| 035 |
|
|
|a (urnnbn)urn:nbn:sk:snk:ar-003viv
|
| 035 |
|
|
|a (uuid)4ae2e713-fb41-43ed-8084-dac5fa121226
|
| 040 |
|
|
|a SNKBUCL
|b slo
|c SNKBUCL
|e AACR2
|
| 041 |
0 |
|
|a slo
|
| 044 |
|
|
|a xo
|c SK
|
| 080 |
|
|
|a 82:929:885.4
|2 1997
|
| 080 |
|
|
|a 885.4:929
|2 1997
|
| 100 |
1 |
|
|a Eggen, Lucia,
|d 1977-
|4 ain
|9 18293
|
| 245 |
1 |
0 |
|a 7 dotykov s- Robom Kačeňákom
|c dotýka sa Lucia Eggen
|
| 246 |
1 |
3 |
|a Sedem dotykov s- Robom Kačeňákom
|
| 300 |
|
|
|b Fotogr.
|
| 500 |
|
|
|a Hlavný údaj o zodpovednosti prevzatý z obsahu dokumentu
|
| 600 |
1 |
7 |
|a Kačeňák, Robert,
|d 1975-
|2 snkbucl
|9 14002
|
| 655 |
|
7 |
|a články z novín a časopisov
|2 snkbucl
|9 267496
|
| 700 |
1 |
|
|a Kačeňák, Robert,
|d 1975-
|4 aut
|9 14002
|
| 773 |
0 |
|
|t Dotyky
|g Roč. 11, č. 8 (1999), s. 52-53
|x 1210-2210
|
| 850 |
|
|
|a Slovenská národná knižnica
|
| 852 |
|
|
|a Slovenská národná knižnica
|
| 958 |
|
|
|a article15
|
| 958 |
|
|
|a OND
|
| 958 |
|
|
|a LX
|
| 958 |
|
|
|a SK
|
| 958 |
|
|
|a EUIPO
|
| 992 |
|
|
|a RBX
|
| 999 |
|
|
|c 2887056
|d 2888986
|